| 000 | 00530nam a2200205Ia 4500 | ||
|---|---|---|---|
| 003 | 0100 | ||
| 008 | 130303s9999 xx 000 0 und d | ||
| 040 | _cARRUPELIB | ||
| 050 | _aBL2480.C45F221 1990 | ||
| 100 | _aFardon Richard | ||
| 245 | _aBetween God, the dead and the wild | ||
| 245 | _bChamba interpretations of religion and ritual | ||
| 260 | _aLondon | ||
| 260 | _bEdinburgh University Press | ||
| 260 | _C1990 | ||
| 300 | _axiii | ||
| 300 | _b 252p. 24cm | ||
| 650 | _bEthics, Evolutionary | ||
| 942 |
_2lcc _01 |
||
| 999 |
_c63630 _d63630 |
||